000 00531nam a2200169 a 4500
001 000017153
005 20200929165033.0
008 100319s1978 dr r 000 0 spa d
040 _aDO-SdBNP
_bspa
_cBNPHU
082 _axxxx
_bG463D
100 1 _aGil M. Laertes
_937775
245 1 0 _aDivulgaciones científicas /
_cLaertes Gil M. ; prólogo Petronio Mejia.
260 _aSanto Domingo :
_b[s.n.],
_c1978.
300 _a253 p. ;
_c22 cm.
504 _aIncluye referencias bibliográficas
700 1 _aMejia, Petronio,
_epról.
_937776
999 _c16679
_d16679